| 000 | 00732nam a2200241 i 4500 | ||
|---|---|---|---|
| 001 | bg | ||
| 100 | 1 | _aKANIA, Rafał | |
| 245 | 1 | 0 |
_aKompendium prawa cywilnego w tablicach / _cRafał Kania, Janusz Kaspryszyn, Małgorzata Kaspryszyn. |
| 260 |
_aBydgoszcz ; _aWrocław : _b"Branta", _c2003. |
||
| 300 |
_a289, [1] s. ; _c17cm x 24cm. |
||
| 500 | _aGłównie tabele. | ||
| 504 | _aBibliogr. | ||
| 650 | 9 | _aPrawo cywilne | |
| 655 | _aPodręczniki akademickie | ||
| 020 | _a8386605847 | ||
| 040 | _cBPK | ||
| 041 | 0 | _apl | |
| 080 | _a347(075.8) | ||
| 920 | _a83-86605-84-7 | ||
| 942 | _cKS | ||
| 008 | s pl f |000 0 pol | ||
| 999 |
_c42583 _d42583 |
||
| 856 |
_uhttp://koha.tu.koszalin.pl/cgi-bin/koha/opac-detail.pl?biblionumber=42583 _yKatalog online BPK |
||